[Event "CAN op"]
[Site "Hamilton CAN"]
[Date "2022.07.13"]
[Round "3.104"]
[White "Sen, Arya"]
[Black "Wiraszka, Michal"]
[Result "0-1"]
[WhiteElo "1745"]
[BlackElo "957"]
[PlyCount "74"]
[EventDate "2022.07.12"]
[EventType "swiss"]
[EventRounds "9"]
[EventCountry "CAN"]

1. e4 e5 2. Nf3 Nf6 3. Nxe5 d6 4. Nf3 Nxe4 5. d3 Nf6 6. Nc3 Be7 7. h3 Nc6 8.
Be3 d5 9. d4 O-O 10. a3 a6 11. Bd3 Re8 12. Qd2 Ne4 13. Nxe4 dxe4 14. Bxe4 Bd7
15. Qd3 g6 16. h4 Bf6 17. O-O-O Qe7 18. Bd5 Bf5 19. Qc3 Nd8 20. Rde1 Qd6 21.
Bh6 Rxe1+ 22. Rxe1 Ne6 23. Bxe6 Bxe6 24. Bg5 Bg7 25. g3 Rc8 26. Bf4 Qd5 27. Ng5
Bf5 28. Qb3 Qxb3 29. cxb3 Bxd4 30. Re7 Bxf2 31. Rxf7 h6 32. Be5 hxg5 33. Rg7+
Kf8 34. hxg5 Be3+ 35. Kd1 Bxg5 36. g4 Rd8+ 37. Ke1 Re8 0-1

[Event "CAN op"]
[Site "Hamilton CAN"]
[Date "2022.07.13"]
[Round "3.105"]
[White "Takeuchi, Nobuko"]
[Black "Crooks, Israel"]
[Result "0-1"]
[WhiteElo "927"]
[BlackElo "1611"]
[PlyCount "60"]
[EventDate "2022.07.12"]
[EventType "swiss"]
[EventRounds "9"]
[EventCountry "CAN"]

1. d4 Nf6 2. c4 g6 3. Nc3 Bg7 4. Nf3 O-O 5. Bg5 d6 6. e4 Nbd7 7. Bd3 c5 8. d5
a6 9. a4 Qa5 10. O-O Re8 11. Re1 Ng4 12. Rc1 Nde5 13. Nxe5 Bxe5 14. Kh1 Nxf2+
15. Kg1 Nxd1 16. Rcxd1 Bxc3 17. bxc3 Qxc3 18. Kf2 Qb3 19. e5 Qb2+ 20. Re2 Qd4+
21. Kf3 Qg4+ 22. Kf2 Qxg5 23. exd6 Qf4+ 24. Kg1 Qxd6 25. Rf1 e6 26. Rfe1 Bd7
27. Re5 exd5 28. Rxe8+ Rxe8 29. Rf1 dxc4 30. Bxc4 Qd4+ 0-1

[Event "CAN op"]
[Site "Hamilton CAN"]
[Date "2022.07.13"]
[Round "3.106"]
[White "Brown, John R"]
[Black "Higgins, Brian"]
[Result "1/2-1/2"]
[WhiteElo "1409"]
[BlackElo "933"]
[PlyCount "105"]
[EventDate "2022.07.12"]
[EventType "swiss"]
[EventRounds "9"]
[EventCountry "CAN"]

1. e4 g6 2. d4 Bg7 3. f3 d6 4. Be3 Nf6 5. Nc3 O-O 6. Qd2 e5 7. d5 c6 8. O-O-O
cxd5 9. Nxd5 Nxd5 10. Qxd5 Be6 11. Qxd6 Qxd6 12. Rxd6 Rc8 13. b3 Bf8 14. Rd1
Nc6 15. Bd3 a5 16. Kd2 a4 17. Ne2 axb3 18. axb3 Ra2 19. Nc3 Bb4 20. Bc5 Bxc3+
21. Kxc3 Nd4 22. b4 b6 23. Ra1 Rxa1 24. Rxa1 bxc5 25. bxc5 Rxc5+ 26. Kd2 Bb3
27. Ra8+ Kg7 28. cxb3 Nxb3+ 29. Ke3 Rc3 30. Rd8 Nc5 31. Kd2 Ra3 32. Bc2 Ra2 33.
Rc8 Ne6 34. Ke3 Nd4 35. Kd3 h5 36. h4 f5 37. exf5 Nxf5 38. Rc7+ Kf6 39. Bb3 e4+
40. fxe4 Rxg2 41. exf5 Rg3+ 42. Kc2 Kxf5 43. Rc5+ Kg4 44. Rc4+ Kf3 45. Ba4 Rg4
46. Rc3+ Kf4 47. Be8 Rg2+ 48. Kb3 g5 49. Rc4+ Kf5 50. Bxh5 Rg3+ 51. Kb4 g4 52.
Bxg4+ Rxg4 53. Rxg4 1/2-1/2

[Event "CAN op"]
[Site "Hamilton CAN"]
[Date "2022.07.13"]
[Round "3.107"]
[White "Sun, Erik"]
[Black "Pickard, Michael"]
[Result "0-1"]
[WhiteElo "853"]
[BlackElo "1324"]
[PlyCount "34"]
[EventDate "2022.07.12"]
[EventType "swiss"]
[EventRounds "9"]
[EventCountry "CAN"]

1. d4 d5 2. Nc3 Nf6 3. e4 dxe4 4. f3 exf3 5. Qxf3 e6 6. Be3 Bb4 7. Bd2 Qxd4 8.
O-O-O Qg4 9. Qe3 O-O 10. h3 Qf5 11. g4 Qa5 12. Kb1 Rd8 13. Nf3 Bxc3 14. bxc3
Nd5 15. Qg5 Nc6 16. c4 Nc3+ 17. Kc1 Qa3# 0-1

[Event "CAN op"]
[Site "Hamilton CAN"]
[Date "2022.07.13"]
[Round "3.109"]
[White "Dolmer, William"]
[Black "Di Tommaso, Brittany"]
[Result "1-0"]
[WhiteElo "1165"]
[BlackElo "925"]
[PlyCount "95"]
[EventDate "2022.07.12"]
[EventType "swiss"]
[EventRounds "9"]
[EventCountry "CAN"]

1. d4 d5 2. Nf3 Nf6 3. e3 Nc6 4. c4 e6 5. Nc3 Bb4 6. Bd3 Ne4 7. Qc2 Nxc3 8.
bxc3 Be7 9. O-O O-O 10. Bxh7+ Kh8 11. Bd3 dxc4 12. Bxc4 Qd6 13. e4 e5 14. dxe5
Nxe5 15. Nxe5 Qxe5 16. Rd1 Bd6 17. g3 Bg4 18. Rd5 Qe7 19. h3 Bf3 20. Bd3 Qe6
21. Rf5 Rae8 22. Rxf3 Qxh3 23. Bf1 Qg4 24. Rf5 Re5 25. Rf4 Qg6 26. Rh4+ Rh5 27.
Bg2 Rxh4 28. gxh4 Re8 29. Qa4 Re5 30. Bf4 Rh5 31. Qe8+ Kh7 32. e5 Bc5 33. Bg5
Qc2 34. Qxf7 Qg6 35. Be4 Qxe4 36. Qxh5+ Kg8 37. Qe8+ Kh7 38. e6 Qg4+ 39. Kf1
Qh3+ 40. Ke2 Qg4+ 41. Kd2 Qg2 42. Qh5+ Kg8 43. Qf7+ Kh7 44. e7 Bxe7 45. Bxe7 b5
46. Re1 Qh3 47. Rg1 Qd7+ 48. Kc2 1-0

[Event "CAN op"]
[Site "Hamilton CAN"]
[Date "2022.07.13"]
[Round "3.111"]
[White "Zapata, Edgar"]
[Black "Chua, Zachary"]
[Result "0-1"]
[WhiteElo "1151"]
[BlackElo "861"]
[PlyCount "142"]
[EventDate "2022.07.12"]
[EventType "swiss"]
[EventRounds "9"]
[EventCountry "CAN"]

1. e4 c5 2. Nf3 d6 3. Nc3 Nf6 4. h4 Bg4 5. Be2 h6 6. d3 e6 7. Be3 Nc6 8. Qd2 a6
9. d4 cxd4 10. Nxd4 Nxd4 11. Bxd4 Bxe2 12. Qxe2 b5 13. f4 Be7 14. O-O-O Qc7 15.
e5 dxe5 16. fxe5 Nd7 17. Qf3 O-O 18. Qe2 Rac8 19. Rd2 Qa5 20. Kb1 Nc5 21. Rh3
Na4 22. Nxa4 bxa4 23. Bc3 Rxc3 24. Rxc3 Bb4 25. Rdd3 Bxc3 26. Rxc3 Qb6 27. Qe3
Rd8 28. Kc1 Qb5 29. Rd3 Rxd3 30. cxd3 Qc6+ 31. Kd2 Qxg2+ 32. Kc3 Qc6+ 33. Kd2
Qg2+ 34. Kc3 Qd5 35. Qd4 Qxa2 36. Qc4 Qxc4+ 37. dxc4 Kf8 38. Kb4 Ke7 39. Kxa4
g5 40. Ka5 gxh4 41. c5 Kd7 42. Kb6 h3 43. Kb7 h2 44. c6+ Ke7 45. Kb8 h1=Q 46.
c7 Qb1 47. c8=Q Qxb2+ 48. Ka7 Qxe5 49. Qb7+ Kf6 50. Qf3+ Qf5 51. Qc3+ Kg6 52.
Qg3+ Kh7 53. Kxa6 e5 54. Kb5 e4+ 55. Kc4 Qf3 56. Qh4 e3 57. Kd3 e2+ 58. Kd2 Qf1
59. Qe4+ f5 60. Qe7+ Kg6 61. Qe8+ Kg5 62. Qg8+ Kf4 63. Qc4+ Kf3 64. Qd5+ Kg3
65. Qd3+ Qf3 66. Qd6+ Qf4+ 67. Qxf4+ Kxf4 68. Kxe2 Kg3 69. Kf1 Kf3 70. Kg1 Ke2
71. Kg2 f4 0-1

[Event "CAN op"]
[Site "Hamilton CAN"]
[Date "2022.07.13"]
[Round "4.1"]
[White "Hambleton, Aman"]
[Black "Gavrilin, Roman"]
[Result "1/2-1/2"]
[WhiteElo "2549"]
[BlackElo "2235"]
[PlyCount "46"]
[EventDate "2022.07.12"]
[EventType "swiss"]
[EventRounds "9"]
[EventCountry "CAN"]

1. d4 Nf6 2. Bf4 d5 3. e3 e6 4. Nd2 c5 5. Ngf3 Nc6 6. c3 Bd6 7. Bg3 O-O 8. Bd3
b6 9. e4 Be7 10. e5 Nh5 11. Ng5 Bxg5 12. Qxh5 g6 13. Qe2 h5 14. f4 Be7 15. Nf3
cxd4 16. Bb5 Qc7 17. Bxc6 Qxc6 18. Nxd4 Qc4 19. Qxc4 dxc4 20. Nc6 Bc5 21. Bf2
Bb7 22. Nd4 Bxg2 23. Rg1 Bxd4 1/2-1/2

[Event "CAN op"]
[Site "Hamilton CAN"]
[Date "2022.07.13"]
[Round "4.2"]
[White "Chiku-Ratte, Olivier-Kenta"]
[Black "Paragua, Mark"]
[Result "0-1"]
[WhiteElo "2458"]
[BlackElo "2610"]
[PlyCount "108"]
[EventDate "2022.07.12"]
[EventType "swiss"]
[EventRounds "9"]
[EventCountry "CAN"]

1. Nf3 d5 2. d4 Nf6 3. c4 e6 4. g3 dxc4 5. Qa4+ Nbd7 6. Bg2 a6 7. Qxc4 b5 8.
Qc6 Ra7 9. O-O Bb7 10. Qc2 c5 11. a4 Be4 12. Qd1 b4 13. dxc5 Bxc5 14. Nbd2 Bd5
15. Nb3 Be7 16. Be3 Rc7 17. Bf4 Rc8 18. Ne5 Bxg2 19. Kxg2 Nd5 20. Nxd7 Qxd7 21.
Be5 f6 22. Bd4 e5 23. e4 exd4 24. exd5 Qxd5+ 25. Qf3 Qxf3+ 26. Kxf3 f5 27. Rfe1
Kf7 28. Nxd4 g6 29. Rad1 Rhd8 30. Nb3 Bf6 31. Rxd8 Rxd8 32. Re2 Rd3+ 33. Re3
Rd1 34. Re2 Rb1 35. Rc2 Ke6 36. Rc6+ Ke7 37. Rb6 Rxb2 38. Rxb4 Bc3 39. Rb7+ Kd6
40. Ke3 Be1 41. f3 Rxh2 42. Rb6+ Kd5 43. Rxa6 Rb2 44. Na5 Bxg3 45. Ra8 Bc7 46.
Kd3 Rf2 47. Ke3 Ra2 48. Nb7 Rb2 49. Nd8 f4+ 50. Kd3 Rb3+ 51. Ke2 Re3+ 52. Kf1
Rxf3+ 53. Kg2 Rg3+ 54. Kh1 f3 0-1

[Event "CAN op"]
[Site "Hamilton CAN"]
[Date "2022.07.13"]
[Round "4.3"]
[White "Xu, Daniel"]
[Black "Noritsyn, Nikolay"]
[Result "0-1"]
[WhiteElo "2128"]
[BlackElo "2557"]
[PlyCount "80"]
[EventDate "2022.07.12"]
[EventType "swiss"]
[EventRounds "9"]
[EventCountry "CAN"]

1. e4 e6 2. d4 d5 3. Nd2 c5 4. Ngf3 cxd4 5. exd5 Qxd5 6. Bc4 Qd6 7. O-O Nf6 8.
Nb3 Nc6 9. Nbxd4 Nxd4 10. Nxd4 Be7 11. c3 O-O 12. Qf3 Qc7 13. Bb3 a5 14. a4 Bd7
15. Re1 Bd6 16. h3 Be5 17. Bg5 Bxd4 18. cxd4 Bc6 19. Qc3 Qd6 20. Bxf6 gxf6 21.
d5 exd5 22. Qd3 Rfe8 23. Bc2 f5 24. Qxf5 Qg6 25. Qxg6+ hxg6 26. Rxe8+ Rxe8 27.
Bd3 Kg7 28. Kf1 Kf6 29. Rc1 Re6 30. h4 Rd6 31. Ra1 Ke5 32. Ke2 Kd4 33. Ra3 Re6+
34. Kd2 Rf6 35. Ke2 Kc5 36. Bc2 d4 37. g3 Bd5 38. g4 Rb6 39. h5 gxh5 40. gxh5
Rxb2 0-1

[Event "CAN op"]
[Site "Hamilton CAN"]
[Date "2022.07.13"]
[Round "4.4"]
[White "Ortiz Suarez, Isan Reynaldo"]
[Black "Vera, Reynaldo"]
[Result "1-0"]
[WhiteElo "2525"]
[BlackElo "2445"]
[PlyCount "146"]
[EventDate "2022.07.12"]
[EventType "swiss"]
[EventRounds "9"]
[EventCountry "CAN"]

1. e4 e5 2. Nf3 Nc6 3. Bb5 f5 4. Nc3 fxe4 5. Nxe4 Nf6 6. Qe2 d5 7. Nxf6+ gxf6
8. d4 Bg7 9. dxe5 O-O 10. Bxc6 bxc6 11. O-O Bg4 12. e6 Re8 13. Qd3 c5 14. Nh4
Bxe6 15. Qg3 Rb8 16. b3 Rb4 17. Bf4 Qd7 18. Rfe1 f5 19. Rad1 Qf7 20. Nf3 Qh5
21. h3 c6 22. Bd6 Re4 23. Bxc5 f4 24. Qg5 Bf7 25. Kf1 Bg6 26. Qxh5 Bxh5 27. Rc1
Bb2 28. Rb1 Bc3 29. Rxe4 dxe4 30. Ng1 Rd8 31. f3 e3 32. Ne2 Be5 33. Bxa7 Bg6
34. g3 Bxc2 35. Re1 fxg3 36. Bxe3 Ra8 37. f4 Bf6 38. Nxg3 Bc3 39. Rc1 Rxa2 40.
Ne2 Bb4 41. Nd4 Be4 42. Nxc6 Ba3 43. Rc3 Bg2+ 44. Ke1 Bxh3 45. Bc5 Ra1+ 46. Kf2
Ra2+ 47. Kg3 Bf1 48. Bxa3 Rxa3 49. Kg4 Kg7 50. Nd4 Ra7 51. Nf5+ Kf7 52. Kg5 Bg2
53. b4 Ke6 54. Rc5 Ra4 55. Rb5 Kd7 56. Nd4 Bf1 57. Rd5+ Ke8 58. Nc6 Bg2 59.
Rd8+ Kf7 60. Ne5+ Ke6 61. Rb8 Ra3 62. Re8+ Kd5 63. f5 Bh3 64. f6 Be6 65. Kf4
Ra6 66. Re7 Rb6 67. Nd3 Bc8 68. Kg5 Kd4 69. f7 Rg6+ 70. Kh5 Rf6 71. Nc5 Rf5+
72. Kh6 Kd5 73. Kg7 Be6 1-0

[Event "CAN op"]
[Site "Hamilton CAN"]
[Date "2022.07.13"]
[Round "4.5"]
[White "Rodrigue-Lemieux, Shawn"]
[Black "Terry, Joshua"]
[Result "1-0"]
[WhiteElo "2493"]
[BlackElo "1958"]
[PlyCount "67"]
[EventDate "2022.07.12"]
[EventType "swiss"]
[EventRounds "9"]
[EventCountry "CAN"]

1. a3 e5 2. c3 d5 3. d4 Nd7 4. dxe5 Nxe5 5. Nf3 Nxf3+ 6. exf3 c6 7. Bd3 Bd6 8.
O-O Qh4 9. g3 Qh5 10. c4 Be6 11. cxd5 Bxd5 12. Nc3 Qxf3 13. Nxd5 Qxd5 14. Qg4
Kf8 15. Rd1 Nf6 16. Qa4 Qf3 17. Be3 b5 18. Qc2 Bc7 19. Bxb5 Bxg3 20. Bxc6 Bxh2+
21. Kxh2 Qh5+ 22. Kg1 Qg4+ 23. Bg2 Rc8 24. Qd2 h5 25. Qb4+ Kg8 26. Qxg4 Nxg4
27. Bxa7 Kh7 28. b4 Rc7 29. Bb6 Re7 30. a4 Kg6 31. a5 h4 32. a6 h3 33. Bxh3
Rxh3 34. a7 1-0

[Event "CAN op"]
[Site "Hamilton CAN"]
[Date "2022.07.13"]
[Round "4.6"]
[White "Sheng, Joshua"]
[Black "Rek, Slava"]
[Result "1-0"]
[WhiteElo "2558"]
[BlackElo "2331"]
[PlyCount "99"]
[EventDate "2022.07.12"]
[EventType "swiss"]
[EventRounds "9"]
[EventCountry "CAN"]

1. e4 d5 2. exd5 Nf6 3. d4 Nxd5 4. Nf3 g6 5. Be2 Bg7 6. O-O O-O 7. h3 Bf5 8. a3
a5 9. c4 Nb6 10. Nc3 Nc6 11. d5 Ne5 12. c5 Nxf3+ 13. Bxf3 Nc8 14. Bf4 Na7 15.
Qb3 Rb8 16. Rad1 b6 17. c6 b5 18. Ne2 b4 19. a4 Bc8 20. Qc4 Rb6 21. Qc5 Ba6 22.
Qxa5 Nc8 23. b3 Nd6 24. Rfe1 Nf5 25. Qc5 Bxe2 26. Bxe2 Bc3 27. Rf1 Nd6 28. Bd3
Rb8 29. Rc1 e5 30. dxe6 fxe6 31. Be5 Bxe5 32. Qxe5 Qf6 33. Qe3 Rbe8 34. Qc5 Qf4
35. Bc4 Ne4 36. Qa7 Rf5 37. Rc2 Nd2 38. Rd1 Nf3+ 39. gxf3 Qxf3 40. Qd4 Qxh3 41.
f4 Rh5 42. Rg2 Rf8 43. Rd3 Qh1+ 44. Kf2 Qh4+ 45. Ke2 Rxf4 46. Bxe6+ Kf8 47.
Qh8+ Ke7 48. Rd7+ Kxe6 49. Qe8+ Kf5 50. Rf7+ 1-0

[Event "CAN op"]
[Site "Hamilton CAN"]
[Date "2022.07.13"]
[Round "4.7"]
[White "Chen, Max"]
[Black "Samsonkin, Artiom"]
[Result "1/2-1/2"]
[WhiteElo "2299"]
[BlackElo "2539"]
[PlyCount "149"]
[EventDate "2022.07.12"]
[EventType "swiss"]
[EventRounds "9"]
[EventCountry "CAN"]

1. e4 c5 2. c3 e6 3. d4 d5 4. exd5 exd5 5. Nf3 Nc6 6. Be2 Bd6 7. Be3 cxd4 8.
Nxd4 Nge7 9. Nd2 Nxd4 10. Bxd4 O-O 11. O-O Qc7 12. h3 Ng6 13. Re1 Nf4 14. Bf1
Be6 15. Nf3 Bf5 16. Be5 Bxe5 17. Nxe5 Be4 18. Nd3 Ne6 19. Nb4 Rad8 20. Qd2 Qb6
21. b3 Qc5 22. Rac1 Bg6 23. Red1 Bh5 24. Re1 Bg6 25. Nc2 Qa5 26. Nd4 Nxd4 27.
Qxd4 Qxa2 28. Qb4 Qb2 29. Qxb7 Rc8 30. Qxd5 Rxc3 31. Rxc3 Qxc3 32. Re3 Qa1 33.
Qd7 h6 34. f4 Qc1 35. Qxa7 Rd8 36. Rf3 Be4 37. Qe3 Qb1 38. Rf2 Rd1 39. Qe2 Bd3
40. Qf3 Kh7 41. f5 Qxb3 42. Kh2 Qb8+ 43. g3 Qb6 44. Bxd3 Rxd3 45. Qf4 Rd1 46.
Qf3 Qd4 47. Qf4 Qd5 48. Qf3 Qd4 49. Qf4 Qa1 50. Qe4 f6 51. Qf3 Rc1 52. Qe4 Re1
53. Qf3 Qa5 54. Qg4 Qd5 55. Qf3 Qd4 56. Qf4 Qa1 57. Qf3 Qb1 58. Qd5 Rf1 59.
Rxf1 Qxf1 60. g4 h5 61. Qf7 Qf2+ 62. Kh1 Qf1+ 63. Kh2 Qe2+ 64. Kg3 Qe1+ 65. Kg2
Qd2+ 66. Kg3 Qe1+ 67. Kg2 h4 68. Kf3 Qc3+ 69. Kf4 Qg3+ 70. Ke4 Qe1+ 71. Kf4
Qf2+ 72. Ke4 Qe1+ 73. Kf4 Kh8 74. Qf8+ Kh7 75. Qf7 1/2-1/2

[Event "CAN op"]
[Site "Hamilton CAN"]
[Date "2022.07.13"]
[Round "4.8"]
[White "Zhong, Kevin"]
[Black "Liang, Jason"]
[Result "0-1"]
[WhiteElo "2275"]
[BlackElo "2515"]
[PlyCount "66"]
[EventDate "2022.07.12"]
[EventType "swiss"]
[EventRounds "9"]
[EventCountry "CAN"]

1. e4 c6 2. d4 d5 3. exd5 cxd5 4. c4 Nf6 5. Nc3 Nc6 6. Bg5 dxc4 7. d5 Ne5 8.
Bxc4 Nxc4 9. Qa4+ Bd7 10. Qxc4 h6 11. Bh4 b5 12. Qe2 Qa5 13. Bxf6 gxf6 14. Nh3
b4 15. Ne4 Bg7 16. Nd6+ Kf8 17. Nc4 Qxd5 18. Nf4 Qg5 19. g3 e5 20. h4 Qg4 21.
Qe4 Re8 22. Nd6 exf4 23. Nxe8 Bxe8 24. O-O f5 25. Qxb4+ Kg8 26. Qd6 Kh7 27. Kh2
Bb5 28. Rfe1 fxg3+ 29. fxg3 Rc8 30. Rad1 f4 31. Qxf4 Rc2+ 32. Kg1 Qxf4 33. gxf4
Bf8 0-1

[Event "CAN op"]
[Site "Hamilton CAN"]
[Date "2022.07.13"]
[Round "4.9"]
[White "Banerjee, Bitan"]
[Black "Manley, Jason"]
[Result "1/2-1/2"]
[WhiteElo "2502"]
[BlackElo "2210"]
[PlyCount "31"]
[EventDate "2022.07.12"]
[EventType "swiss"]
[EventRounds "9"]
[EventCountry "CAN"]

1. d4 Nf6 2. c4 c5 3. d5 b5 4. Nf3 d6 5. Qc2 Nbd7 6. e4 g6 7. b3 bxc4 8. bxc4
Bg7 9. Bb2 O-O 10. Be2 Rb8 11. Bc3 Nb6 12. Na3 Bd7 13. Rb1 Na4 14. Bd2 Rxb1+
15. Nxb1 Qb6 16. Nc3 1/2-1/2

[Event "CAN op"]
[Site "Hamilton CAN"]
[Date "2022.07.13"]
[Round "4.10"]
[White "Mills, Morgen"]
[Black "Fedorowicz, John"]
[Result "1/2-1/2"]
[WhiteElo "2136"]
[BlackElo "2495"]
[PlyCount "56"]
[EventDate "2022.07.12"]
[EventType "swiss"]
[EventRounds "9"]
[EventCountry "CAN"]

1. e4 c5 2. Nf3 Nc6 3. Bb5 e6 4. Bxc6 bxc6 5. O-O Ne7 6. Nc3 Ng6 7. e5 f6 8. d4
cxd4 9. Qxd4 Qb6 10. Qe4 Ba6 11. Re1 Be7 12. Rb1 Qb4 13. exf6 gxf6 14. Bh6 Qxe4
15. Nxe4 Kf7 16. h4 d5 17. Ng3 c5 18. h5 Nf8 19. b4 Nd7 20. Ne2 Bxe2 21. Rxe2
Rab8 22. Rbe1 Rb6 23. bxc5 Bxc5 24. c3 Rhb8 25. Nd4 Bxd4 26. cxd4 Rc8 27. Re3
Rg8 28. Rc3 Rb7 1/2-1/2

[Event "CAN op"]
[Site "Hamilton CAN"]
[Date "2022.07.13"]
[Round "4.11"]
[White "Sharma, Vishruth"]
[Black "Ouellet, Maili-Jade"]
[Result "0-1"]
[WhiteElo "2106"]
[BlackElo "2361"]
[PlyCount "100"]
[EventDate "2022.07.12"]
[EventType "swiss"]
[EventRounds "9"]
[EventCountry "CAN"]

1. e4 c5 2. Nf3 d6 3. d4 cxd4 4. Nxd4 Nf6 5. Nc3 a6 6. f3 e5 7. Nb3 Be6 8. Be3
h5 9. Qd2 Nbd7 10. Nd5 Bxd5 11. exd5 g6 12. c4 a5 13. Rc1 b6 14. Be2 Bg7 15.
O-O O-O 16. Rfd1 Re8 17. Kh1 Qc7 18. Na1 Nc5 19. Nc2 e4 20. f4 Qd7 21. h3 Kh7
22. Bd4 Qe7 23. Qe3 Rh8 24. b3 Ng8 25. Bxg7 Kxg7 26. Nd4 Nh6 27. a3 Nf5 28.
Nxf5+ gxf5 29. b4 Nd7 30. Qd4+ Kg8 31. Rc3 Rh6 32. Rg3+ Rg6 33. Rb3 h4 34. Ra1
Kh7 35. Bd1 Qf8 36. Re3 axb4 37. axb4 Rxa1 38. Qxa1 Qh6 39. Ba4 Nf6 40. Qe1 Nh5
41. Bd7 Rf6 42. Qf2 Nxf4 43. Rc3 Qg5 44. Rc2 Rg6 45. Qe3 Nd3 46. Qxb6 Ne1 47.
Rf2 Nf3 48. Rc2 Qg3 49. Qg1 Qxh3+ 50. gxh3 Rxg1# 0-1

[Event "CAN op"]
[Site "Hamilton CAN"]
[Date "2022.07.13"]
[Round "4.12"]
[White "Dukic, Zachary"]
[Black "Young, Alex"]
[Result "1-0"]
[WhiteElo "2353"]
[BlackElo "1713"]
[PlyCount "67"]
[EventDate "2022.07.12"]
[EventType "swiss"]
[EventRounds "9"]
[EventCountry "CAN"]

1. e4 c6 2. d4 d5 3. e5 Bf5 4. h4 h6 5. g4 Bh7 6. e6 fxe6 7. Bd3 e5 8. Bxh7
Rxh7 9. dxe5 e6 10. Qd3 Rh8 11. Ne2 Ne7 12. Nd4 Qd7 13. b4 Na6 14. Ba3 b5 15.
Nd2 g6 16. f4 O-O-O 17. h5 Rg8 18. O-O-O Bg7 19. N2f3 Rdf8 20. Qe3 gxh5 21.
Rxh5 Nc7 22. f5 c5 23. bxc5 Nc6 24. f6 Rxf6 25. exf6 Bxf6 26. Rxh6 Nxd4 27.
Rxf6 Nxf3 28. Qxf3 Qg7 29. c6 Ne8 30. Rf1 Nxf6 31. Qxf6 Qxg4 32. Bd6 Re8 33.
Qf7 Qg5+ 34. Kb1 1-0

[Event "CAN op"]
[Site "Hamilton CAN"]
[Date "2022.07.13"]
[Round "4.14"]
[White "Preotu, Razvan"]
[Black "Windram, James"]
[Result "1-0"]
[WhiteElo "2608"]
[BlackElo "2124"]
[PlyCount "41"]
[EventDate "2022.07.12"]
[EventType "swiss"]
[EventRounds "9"]
[EventCountry "CAN"]

1. e4 c5 2. Nf3 d6 3. d4 cxd4 4. Nxd4 Nf6 5. Nc3 Nc6 6. Bg5 e6 7. Qd2 a6 8.
O-O-O Bd7 9. f3 Be7 10. Kb1 Nxd4 11. Qxd4 Qc7 12. Be3 h5 13. Be2 Bc6 14. f4
O-O-O 15. Bf3 Rhg8 16. Qa7 Qb8 17. Qb6 g6 18. e5 Nd7 19. Qb4 Bxf3 20. gxf3 Nf8
21. Ne4 1-0

[Event "CAN op"]
[Site "Hamilton CAN"]
[Date "2022.07.13"]
[Round "4.15"]
[White "Zhang, Yuanchen"]
[Black "Ajith, Aayush"]
[Result "1-0"]
[WhiteElo "2464"]
[BlackElo "2122"]
[PlyCount "97"]
[EventDate "2022.07.12"]
[EventType "swiss"]
[EventRounds "9"]
[EventCountry "CAN"]

1. d4 Nf6 2. c4 e6 3. Nc3 d5 4. cxd5 exd5 5. Bg5 Nbd7 6. e3 c6 7. Bd3 h6 8. Bh4
Be7 9. Qc2 O-O 10. Nge2 Re8 11. O-O Ne4 12. Bxe7 Qxe7 13. Bxe4 dxe4 14. Rfd1
Nb6 15. d5 cxd5 16. Nxd5 Nxd5 17. Rxd5 Bg4 18. Nc3 Rac8 19. h3 Bd7 20. Rad1 Bc6
21. Rd6 Qe5 22. Qb3 Rc7 23. R1d4 Qf5 24. Qb4 Kh7 25. Rc4 Rce7 26. Ne2 Qh5 27.
Nd4 Bd5 28. Rc5 Re5 29. a3 Ba2 30. Rxe5 Rxe5 31. Rd8 Qd1+ 32. Kh2 Qf1 33. Qd2
Rg5 34. f3 exf3 35. Nxf3 Rg6 36. Ne5 Rf6 37. Ng4 Rc6 38. Rf8 Bb3 39. Qd4 f6 40.
Qe4+ f5 41. Qe8 Bf7 42. Rh8+ Kg6 43. Ne5+ Kf6 44. Qxf7+ Kxe5 45. Re8+ Kd6 46.
Qe7+ Kd5 47. Qe5+ Kc4 48. Qc3+ Kb5 49. Re5+ 1-0

[Event "CAN op"]
[Site "Hamilton CAN"]
[Date "2022.07.13"]
[Round "4.16"]
[White "Maheux, Pierre"]
[Black "Song, Terry"]
[Result "0-1"]
[WhiteElo "1624"]
[BlackElo "2218"]
[PlyCount "102"]
[EventDate "2022.07.12"]
[EventType "swiss"]
[EventRounds "9"]
[EventCountry "CAN"]

1. e4 c5 2. Nf3 a6 3. d4 cxd4 4. Nxd4 Nf6 5. e5 Qa5+ 6. Qd2 Qxe5+ 7. Be2 Nc6 8.
Nxc6 dxc6 9. O-O Bf5 10. Rd1 Qc7 11. c3 e6 12. Qf4 Qxf4 13. Bxf4 Be7 14. Nd2
Ne4 15. Nxe4 Bxe4 16. Rd4 Bd5 17. c4 c5 18. Rd2 Bc6 19. Rad1 O-O 20. Bd6 Bxd6
21. Rxd6 e5 22. g4 Rfe8 23. g5 Kf8 24. Bg4 Ke7 25. R6d2 Rad8 26. Rxd8 Rxd8 27.
Rxd8 Kxd8 28. Kf1 b5 29. cxb5 axb5 30. Ke2 Ke7 31. a3 Bd7 32. Bf3 f5 33. gxf6+
gxf6 34. Ke3 f5 35. Bd1 f4+ 36. Ke4 Kd6 37. Kd3 Bf5+ 38. Kc3 e4 39. Be2 Bd7 40.
Bd1 Bc6 41. Kd2 b4 42. axb4 cxb4 43. Bc2 Ke5 44. Bd1 Kd4 45. Bc2 h6 46. Bd1 Bd5
47. Bc2 b3 48. Bb1 Bc4 49. h3 Bf1 50. h4 Bc4 51. Kd1 Bd3 0-1

[Event "CAN op"]
[Site "Hamilton CAN"]
[Date "2022.07.13"]
[Round "4.17"]
[White "Talukdar, Rohan"]
[Black "Mendes, Aaron Reeve"]
[Result "1/2-1/2"]
[WhiteElo "2457"]
[BlackElo "2106"]
[PlyCount "135"]
[EventDate "2022.07.12"]
[EventType "swiss"]
[EventRounds "9"]
[EventCountry "CAN"]

1. e4 c5 2. Nf3 d6 3. Bb5+ Bd7 4. Bxd7+ Qxd7 5. O-O Nf6 6. Qe2 Nc6 7. c3 e6 8.
d4 cxd4 9. cxd4 d5 10. e5 Ne4 11. Be3 Be7 12. Ne1 f6 13. f3 Ng5 14. Nd3 f5 15.
Nd2 Nf7 16. a3 b6 17. b4 a5 18. b5 Na7 19. a4 O-O 20. h3 Nh8 21. g4 Rac8 22.
Rac1 Ng6 23. f4 Qe8 24. Rxc8 Nxc8 25. Rc1 Na7 26. Nb3 Qd7 27. Rc3 Rc8 28. Qc2
Nf8 29. Bd2 g6 30. Rxc8 Qxc8 31. Qxc8 Nxc8 32. Kf2 Nd7 33. Kf3 Kf7 34. Be3 Ke8
35. Bd2 Bd8 36. Ke3 Kf7 37. Ne1 h6 38. Nf3 Be7 39. Be1 Nf8 40. Bd2 Ke8 41. Kf2
Kf7 42. Nc1 Nd7 43. Nb3 Bd8 44. Be1 Be7 45. Bd2 Bd8 46. Ne1 Be7 47. Nd3 Bh4+
48. Kf3 Be7 49. Be1 Bd8 50. Ke3 Be7 51. Bd2 Bd8 52. Na1 Be7 53. Bc1 Bd8 54. Nc2
Be7 55. Nce1 Bf8 56. Ng2 Be7 57. Bd2 Bf8 58. Nh4 Be7 59. Nf3 Bf8 60. Nc1 Be7
61. Ne2 Bd8 62. Ne1 Be7 63. Kf3 Bf8 64. Ng2 Be7 65. Bc1 Bf8 66. Ne3 Be7 67. Ng3
Bf8 68. gxf5 1/2-1/2

[Event "CAN op"]
[Site "Hamilton CAN"]
[Date "2022.07.13"]
[Round "4.18"]
[White "Hua, Eugene"]
[Black "Zhao, Jeffrey Renfei"]
[Result "1-0"]
[WhiteElo "2392"]
[BlackElo "2020"]
[PlyCount "65"]
[EventDate "2022.07.12"]
[EventType "swiss"]
[EventRounds "9"]
[EventCountry "CAN"]

1. e4 e5 2. Nf3 Nc6 3. Bb5 g6 4. O-O Bg7 5. c3 Nge7 6. d4 a6 7. Bxc6 Nxc6 8. d5
Ne7 9. d6 Nc6 10. Be3 O-O 11. Bc5 Re8 12. a4 b6 13. dxc7 Qxc7 14. Bd6 Qd8 15.
Na3 Bb7 16. Qe2 Re6 17. Rad1 Nd4 18. cxd4 Rxd6 19. Nc4 Re6 20. dxe5 b5 21. Nd6
Bc6 22. Nd4 Re7 23. N6f5 Re6 24. Nxe6 fxe6 25. Nxg7 Kxg7 26. f4 Qb6+ 27. Kh1
Qb7 28. f5 Rf8 29. fxe6 dxe6 30. Rxf8 Kxf8 31. Qf2+ Kg7 32. Qf6+ Kh6 33. Rd3
1-0

[Event "CAN op"]
[Site "Hamilton CAN"]
[Date "2022.07.13"]
[Round "4.19"]
[White "Jaferian, Koosha"]
[Black "Oancea, Nicolae"]
[Result "1-0"]
[WhiteElo "2336"]
[BlackElo "2005"]
[PlyCount "85"]
[EventDate "2022.07.12"]
[EventType "swiss"]
[EventRounds "9"]
[EventCountry "CAN"]

1. e4 e6 2. d4 d5 3. Bd3 dxe4 4. Bxe4 Nf6 5. Bf3 c5 6. Ne2 Nbd7 7. O-O cxd4 8.
Nxd4 Bc5 9. Nb3 Bb6 10. Qe2 O-O 11. Nc3 a6 12. Bg5 Qc7 13. Rfe1 h6 14. Bh4 Qf4
15. Bg3 Qg5 16. Rad1 h5 17. Qc4 Ng4 18. Ne4 Qg6 19. Nd6 Ba7 20. Qc7 Ndf6 21. c4
e5 22. Bxb7 Bxb7 23. Qxb7 h4 24. Bxh4 Qh5 25. Bg3 e4 26. c5 e3 27. fxe3 Nxe3
28. Rc1 Nfd5 29. Qd7 Rfd8 30. Qa4 Qg6 31. Re2 Rab8 32. Qxa6 Qg4 33. Rce1 Rxb3
34. Qxa7 Rd3 35. Qxf7+ Kh7 36. Qf3 Qd4 37. Qe4+ Qxe4 38. Nxe4 Nf5 39. Ng5+ Kg6
40. Ne6 Nxg3 41. hxg3 Rc8 42. Re5 Kf6 43. Nf4 1-0